000 04149nam a22004337a 4500
999 _c23229
_d23229
003 NUST
005 20170606112532.0
008 170531b xxu||||| |||| 00| 0 eng d
010 _a9421237
020 _a0070016852
040 _aDLC
_bDLC
_cRCMS
082 _a532.05015118 AND
100 _aJOHN D. ANDERSON, JR.
_91692
245 _aCOMPUTATIONAL FLUID DYNAMICS THE BASICS WITH APPLICATIONS
260 _aNY USA
_bMCGRAW HILL
_cc1995
300 _axxiv,547,p:
_bill:
_c22,cm.
538 _iShelf # 10, Row # 1, Mechanical & Aerospace. Shelf # 10, Row # 4, Mechanical & Aerospace.
650 _a1. Fluid dynamics ---- Data processing
_91693
856 _3Table of Content Only
942 _cBK
_2ddc